Microsoft pocket guide to microsoft access 2000 (Record no. 14362)

MARC details
000 -LEADER
fixed length control field 00466nam a22001577a 4500
003 - CONTROL NUMBER IDENTIFIER
control field URS
005 - DATE AND TIME OF LATEST TRANSACTION
control field 20220114171633.0
008 - FIXED-LENGTH DATA ELEMENTS--GENERAL INFORMATION
fixed length control field 170327b xxu||||| |||| 00| 0 eng d
020 ## - INTERNATIONAL STANDARD BOOK NUMBER
International Standard Book Number 1572319690
050 ## - LIBRARY OF CONGRESS CALL NUMBER
Classification number QA76.9
Item number D3.N466
100 ## - MAIN ENTRY--PERSONAL NAME
Personal name Nelson, Stephen L, 1959
Relator code author
245 ## - TITLE STATEMENT
Title Microsoft pocket guide to microsoft access 2000
Statement of responsibility, etc. Stephen L. Nelson
260 ## - PUBLICATION, DISTRIBUTION, ETC.
Place of publication, distribution, etc. Redmond, Washington:
Name of publisher, distributor, etc. Microsoft Press,
Date of publication, distribution, etc. 1999
300 ## - PHYSICAL DESCRIPTION
Extent v, 170 pages;
Dimensions 22 cm.
942 ## - ADDED ENTRY ELEMENTS (KOHA)
Koha item type Foreign Books
Source of classification or shelving scheme Library of Congress Classification
Holdings
Withdrawn status Source of classification or shelving scheme Damaged status Not for loan Collection code Home library Current library Shelving location Date acquired Total Checkouts Full call number Barcode Date last seen Price effective from Koha item type
  Library of Congress Classification     Non-fiction Binangonan College Library Binangonan College Library Foreign Section 06/07/2023   QA76.9 D3.N466 URSBIN-0702 03/15/2016 03/15/2016 Foreign Books

University of Rizal System
Email us at univlibservices@urs.edu.ph

Visit our Website www.urs.edu.ph/library